banner-ar

تلخيص الاثار العلوية / (Record no. 35218)

MARC details
000 -الفاتح
حقل البيانات ثابتة الطول 00901nam a2200217Ia 4500
008 - عناصر البيانات ثابتة الطول - معلومات عامة
حقل البيانات ثابتة الطول 140319s9999 xx 000 0 ara d
040 ## - مصدر الفهرسة
وكالة الفهرسة الأصلية GCL /
وكالة النسخ GCL
082 04 - رقم تصنيف ديوى العشرى
رقم التصنيف 189
رقم المادة ر ت
100 1# - المدخل الرئيسى - إسم شخصى
الإسم الشخصى ابن رشد : ابوالوليد محمد بن احمد بن محمد الاندلسى القرطبى
245 10 - بيان العنوان
العنوان تلخيص الاثار العلوية /
بيان المسئوليه,etc ابن رشد : ابوالوليد محمد بن احمد بن محمد الاندلسى القرطبى
700 1# - المدخل الاضافى - اسم شخصى
الإسم الشخصى جمال الدين العلوى
700 1# - المدخل الاضافى - اسم شخصى
الإسم الشخصى محمد علال سيناصر (تصدير)
260 ## - PUBLICATION, DISTRIBUTION, ETC. (IMPRINT)
تاريخ النشر أو التوزيع 1994
300 ## - الوصف المادى
التعداد 222 ص
490 ## - بيان السلسلة
عنوان السلسلة سلسلة المتن الرشدى
رقم المجلد/ التعيين التسلسلي 0
650 04 - المدخل الاضافى بالموضوع-مصطلح موضوعى
مصطلح موضوعي الفلسفة الاسلامية
650 04 - المدخل الاضافى بالموضوع-مصطلح موضوعى
مصطلح موضوعي الحركات الفكرية عند المسلمين
650 04 - المدخل الاضافى بالموضوع-مصطلح موضوعى
مصطلح موضوعي فلسفة ارسطو
942 ## - عناصر المدخل الإضافي( كوها)
مصدر التصنيف او مخطط الترفيف Dewey Decimal Classification
Koha [default] item type كتاب
260 ## - PUBLICATION, DISTRIBUTION, ETC. (IMPRINT)
-- [S.N] :
-- دار الغرب الاسلامى ،
Holdings
حالة التراجع حالة الفقد حالة تلف ليس للاعارة المكان المؤقت الموقع الحالى تاريخ الاكتساب اجمالي اﻻعارات رقم الطلب الباركود تاريخ اخر مشاهدة تاريخ تفعيل السعر نوع وعاء كوها
        مكتبة القاهرة الكبرى مكتبة القاهرة الكبرى 03/26/2014   189\ر ت 85665 03/26/2014 03/26/2014 كتاب
        مكتبة القاهرة الكبرى مكتبة القاهرة الكبرى 03/26/2014   189\ر ت 85666 03/26/2014 03/26/2014 كتاب

Powered By

EGPV